Ranking klubowy UEFA - Statystyki

Ogólne statystyki
  • Ten quiz został rozwiązany 772 razy
  • Średni wynik to 20 z 25
Statystyki odpowiedzi
Miejsce Kraj 19/20 20/21 21/22 22/23 23/24 Łącznie % Poprawnych
3 Hiszpania 18.928 19.500 18.428 16.571 16.062 89.489
99%
5 Francja 11.666 7.916 18.416 12.583 16.250 66.831
98%
21 Polska 2.125 4.000 4.625 7.750 6.875 25.375
98%
4 Niemcy 18.714 15.214 16.214 17.125 19.357 86.624
97%
1 Anglia 18.571 24.357 21.000 23.000 17.375 104.303
96%
2 Włochy 14.928 16.285 15.714 22.357 21.000 90.284
96%
7 Portugalia 10.300 9.600 12.916 12.500 11.000 56.316
93%
6 Holandia 9.400 9.200 19.200 13.500 10.000 61.300
91%
8 Belgia 7.600 6.000 6.600 14.200 14.400 48.800
87%
18 Ukraina 7.200 6.800 4.200 5.700 4.100 28.000
86%
10 Czechy 2.500 6.600 6.700 6.750 13.500 36.050
85%
24 Szwecja 5.750 2.500 5.125 6.250 1.875 21.500
85%
14 Norwegia 3.750 6.500 7.625 5.750 8.000 31.625
83%
20 Chorwacja 4.375 5.900 6.000 3.375 5.875 25.525
81%
16 Dania 5.125 4.125 7.800 5.900 8.500 31.450
79%
12 Szwajcaria 6.400 5.125 7.750 8.500 5.200 32.975
79%
9 Turcja 5.000 3.100 6.700 11.800 12.000 38.600
77%
13 Austria 5.800 6.700 10.400 4.900 4.800 32.600
76%
15 Grecja 4.900 5.100 8.000 2.125 11.400 31.525
75%
19 Serbia 6.000 5.500 9.500 5.375 1.400 27.775
73%
23 Węgry 4.500 4.250 2.750 5.875 4.500 21.875
71%
10 Szkocja 9.750 8.500 7.900 3.500 6.400 36.050
70%
25 Rumunia 5.875 3.750 2.250 6.250 3.250 21.375
67%
22 Cypr 5.125 4.000 4.125 5.100 3.750 22.100
37%
17 Izrael 2.375 7.000 6.750 6.250 8.750 31.125
35%
Nie znaleziono quizów pasujących do podanych kryteriów
Rozkład punktacji
Procent ludzi z każdym wynikiem
Percentyl według liczby udzielonych odpowiedzi
Twoja historia wyników
Nie rozwiązałeś tego quizu